Top Chelsea Goalscorers - Statistics

General Stats
  • This quiz has been taken 89 times
  • The average score is 4 of 10
Answer Stats
No. of goals Players % Correct
164 Didier Drogba
100%
211 Frank Lampard
93%
110 Eden Hazard
72%
132 Jimmy Greaves
23%
202 Bobby Tambling
22%
150 Peter Osgood
22%
193 Kerry Dixon
20%
150 Roy Bentley
9%
108 George Hilsdon
7%
125 George Mills
4%
No matching quizzes found
Score Distribution
Percent of People with Each Score
Percentile by Number Answered
Your Score History
You have not taken this quiz